00839nam a2200277Ia 450000500170000000800410001702000260005804000190008404100120010308200190011510000190013424500480015325000120020126000390021330000090025250400400026163000220030163000220032363000130034565000320035865100240039085000100041494200070042499900150043195201150044620211028112146.0131103s9999 xx 000 0 und d a81-7133-451-2cRs.105 aLoreto College aEnglish a320.01(W)bSIN aSingh, Sukhbir aHistory of political thoughtcSukhbir Singh a4th ed. aMeerutbRastogi Publicationsc1999 a2v.  aIncludes bibliographical references aPolitical Science aPolitical Thought aPolitics aWestern - Political Thought aPlato,Burke,Bentham aLCLIB cBK c178d50657 00102ddc4070aMAINbMAINd2013-11-04l11o320.01(W) SIN 41753pB183r2018-04-18s2018-04-18w2013-11-04yBK